Statistics for Countries that Border China Quiz

Click here to take the quiz!

General Stats

  • This quiz has been taken 86,982 times
    (86,919 since last reset)
  • The average score is 12 of 14

Answer Stats

Border Length Country % Correct
4677 kmMongolia
98%
3605 kmRussia
98%
3380 kmIndia
96%
1416 kmNorth Korea
94%
1236 kmNepal
92%
1281 kmVietnam
91%
523 kmPakistan
86%
423 kmLaos
86%
1533 kmKazakhstan
83%
2185 kmMyanmar
82%
470 kmBhutan
78%
76 kmAfghanistan
77%
858 kmKyrgyzstan
71%
414 kmTajikistan
71%

Score Distribution

Percentile by Number Answered

Percent of People with Each Score

Your Score History

You have not taken this quiz since the last reset